000 00805cam a22002777a 4500
003 CHAP
005 20220329140522.0
008 971013s1931 r 00010 d
010 _a53220
011 _a54192
035 _a58343
040 _cCHAP
082 _a333.094
_bW38
100 0 0 _aWauters, Arthur.
_9121241
245 1 3 _aLa reforma agraria en Europa
260 _aMadrid :
_bEd. EspaƱa,
_c1931
300 _a242 p.
590 _aBATCH-UPD
_b10
_c20130110
_lUCH01
_h0752
590 _aBATCH-UPD
_b10
_c20130410
_lUCH01
_h0432
590 _aCONVERSION
_b10
_c20130109
_lUCH01
_h1329
650 1 4 _aAgricultura
_xAspectos economicos
_xEuropa.
_91244
650 1 4 _aTierras
_xTenencia
_xEuropa.
_9113163
901 _aBK
942 _cLIBRO
949 _a333.094 W38
_bBC
_cLIBRO
_d-126660
_eLIBRO
_i58343
_si
999 _c53220
_d53220